A Hős.

Elmentve itt :
Bibliográfiai részletek
Szerző: Gracián, Baltasar
Adatforrás:Philobibl
Dokumentumtípus: Könyv
Nyelv:magyar
Megjelent: Bp. Új Palatinus Kiadó. 2002
LEADER 00289nam a2200109 c 4500
001 bibDOK00027712
005 20200924122241.5
008 060518s2002 hu hun
100 1 |a Gracián, Baltasar 
245 1 2 |a A Hős.  |c Gracián, Baltasar 
260 |a Bp.  |b Új Palatinus Kiadó.  |c 2002 
300 |a 114 p. p.